Vox diccionario Manual: Griego Español
Guardado en:
| Hovedforfatter: | |
|---|---|
| Format: | Bog |
| Sprog: | Undetermined |
| Udgivet: |
Barcelona, España
Biblograf
1975
|
| Udgivelse: | Novena edición |
| Fag: | |
| Tags: |
Tilføj Tag
Ingen Tags, Vær først til at tagge denne postø!
|
MARC
| LEADER | 00000nam a2200000Ia 4500 | ||
|---|---|---|---|
| 008 | 170316s9999 xx 000 0 und d | ||
| 020 | |a 84-7153-192-5 | ||
| 040 | |a cru BVZT | ||
| 090 | |a R-413 P-1d GRI-ESP | ||
| 100 | |a Pabón S. de Urbina, José M. |9 2218 | ||
| 245 | |a Vox diccionario Manual: Griego Español | ||
| 250 | |a Novena edición | ||
| 260 | |a Barcelona, España | ||
| 260 | |b Biblograf | ||
| 260 | |c 1975 | ||
| 300 | |a 711 páginas | ||
| 650 | |a REFERENCIA |9 27 | ||
| 650 | |a DICCIONARIO DE GRIEGO-ESPAÑOL |9 2219 | ||
| 650 | |a APÉNDICE GRAMATICAL |9 2220 | ||
| 650 | |a MORFOLOGÍA |9 2221 | ||
| 650 | |a SINTAXIS |9 942 | ||
| 650 | |a VERBOS CONTRACTOS |9 2222 | ||
| 650 | |a VOZ PASIVA |9 2223 | ||
| 942 | |c REF |0 2 |2 z | ||
| 999 | |c 14918 |d 14918 | ||



